Responses for show #5153 - Wednesday, January 24, 2007

Contestants

Emily Seftel, a journalist from Phoenix, Arizona

Su Kim, an accountant from Elgin, Illinois

Freddy Bee, a teacher from La Verne, California (whose 1-day cash winnings total $17,600)

Jeopardy! Round responses

BASIC SCIENCE
HOLLYWOOD THRILLER PREVIEWS?
LET'S TAKE A PEAK
MAYORS
IT DON'T MEAN A "THING"
IF IT AIN'T GOT THAT SWING
    $200 6
hummingbirds

Su
    $200 16
the Morse Code

Su
    $200 1
Mount Rushmore

Emily
    $200 11
Los Angeles

Emily
    $200 21
nothing

Su
    $200 26
baseball

Emily
    $400 7
oxygen

Emily
    $400 17
The Feminine Mystique

Su
    $400 2
(Simon) Bolivar

Freddy
    $400 12
the San Francisco earthquake

Freddy
    $400 22
teething

Freddy
    $400 27
square dancing

Su
    $800 8
(Emily: What is Neptune?)
(Alex: No, you had to think about the largest one. [*]. [*].)

Jupiter

Emily
    $600 18
Victoria Principal

Su
    $600 3
Utah

Emily
    $600 13
Athens

Freddy
    $600 23
tithing

Freddy
    $600 28
Dire Straits

Su
    $800 9
Darwin

Su
    $800 19
the Stockholm Syndrome

Su
    $800 4
the Yukon

Freddy
    $800 14
(Ray) Nagin

Su
    $800 24
clothing

Emily
    $800 29
Fred Astaire & Ginger Rogers

Emily
    $1000 10
gravity

Freddy
    $1000 20
Coriolis

Su
    $1000 5
(Su: What is Mont Chauve?)

Mount Pelee

Su
Triple Stumper
    $1000 15
Dennis Kucinich

Triple Stumper
    $1000 25
"Anything Goes"

Emily
    $1000 30
(Su: Who is Duke Ellington?)

Benny Goodman

Su
Triple Stumper

Scores at the first commercial break (after clue 15):

Freddy Su Emily
$3,200 $800 $600

Scores at the end of the Jeopardy! Round:

Freddy Su Emily
$4,200 $4,000 $3,400

Double Jeopardy! Round responses

PULITZER PRIZE-WINNING DRAMAS
SCORING
1807
FOR THE BIRDS
BACH IN THE SADDLE
CROSSWORD CLUES "D"
    $400 1
Albee

Su
    $400 12
(Su: What is the first frame?)

the first ball of the next frame

Su
Triple Stumper
    $400 8
Napoleon

Su
    $400 19
(Freddy: What's a goose?)

a duck

FreddySu
    $400 24
an organ

Su
    $400 6
a donor

Su
    $800 2
[Emily pauses between last two words]
(Alex: You're too young to have senior moments--I have them all the time!)
[Laughter]

Glengarry Glen Ross

Emily
    $800 13
curling

Emily
    $800 15
Aaron Burr

Triple Stumper
    $800 20
a robin

Su
    $800 25
a fugue

Su
    $800 7
a dialogue

Freddy
    $1200 3
O'Neill

Su
    $1200 14
the right fielder

Emily
    $1200 16
Garibaldi

Su
    $1200 21
(Alex: That would be [*] and [*]. Hawkeye and Pelican.)

(One of) Iowa or Louisiana

Triple Stumper
    $1200 26
Baroque

Su
    $2,000 9
Denis

Su
    $1600 4
Wasserstein

Su
    $1600 30
6

Su
    $1600 17
the Clermont

Su
    $1600 22
the spoonbill

Triple Stumper
    $2,000 27
(Su: What is the Well-Tempered Klavier?)

the Goldberg Variations

Su
    $1600 10
destiny

Su
    $2000 5
(Thornton) Wilder

Su
    $2000 29
the tiebreak

Su
    $2000 18
the Stuarts

Freddy
    $2000 23
(Alex: And like you, I have never heard of a [*], but now we have seen a picture of one.)

a lorikeet

Triple Stumper
    $2000 28
cantatas

Freddy
    $2000 11
Djibouti

Emily

Scores at the end of the Double Jeopardy! Round:

Freddy Su Emily
$8,600 $21,200 $8,200
(lock game)

[wagering suggestions for these scores]

Final Jeopardy! Round responses

FOREIGN CURRENCY
EmilyWhat is Balboa
$8,000
FreddyWhat is a Balboa
$8,000
SuWhat is Pizarro
$3,500
the Colon

Final scores:

Freddy Su Emily
$600 $17,700 $200
2nd place: $2,000 New champion: $17,700 3rd place: $1,000

Game dynamics:

Coryat scores:

Freddy Su Emily
$8,600 $22,400 $9,000
10 R,
1 W
28 R
(including 1 DD),
4 W
(including 1 DD)
12 R,
1 W
(including 1 DD)

Combined Coryat: $40,000

The J! Archive is created by fans, for fans. The Jeopardy! game show and all elements thereof, including but not limited to copyright and trademark thereto, are the property of Jeopardy Productions, Inc. and are protected under law. This website is not affiliated with, sponsored by, or operated by Jeopardy Productions, Inc. Join the discussion at JBoard.tv.